00584nam a2200145 a 450000500170000000800410001705000220005810000190008024501250009926000460022444000240027065000150029499900190030995201100032820140414131851.0100802s19uu xx 00 eng d aM 509.2bB45 2007 aBerger, Melvin aDid it take creativity to find relativity, Albert Einstein? /cMelvin and Gilda Berger ; illustrated by Brandon Dorman. aNew York :bScholastic Nonfiction,c2007. aScience supergiants aScientists c110194d110194 001040aMUbMUcMd2010-08-02eBkRewardl0oM 509.2 B45 2007pM0527r2014-04-14 00:00:00w2014-04-14yBK